000 005590000a22002170004500
003 LK-CoMWRAF
005 20231102173557.0
008 230817t ||||| |||| 00| 0 eng d
020 _a0715304836
040 _aLK-CoMWRAF
_dLK-CoMWRAF
_eLK-CoMWRAF
041 _aeng
082 _a745.594
_bGRE
100 _aGreenoff, Jane
100 _aKeyes, Brenda
100 _aVerso, Jo
245 _aThe Embroiderers' guild :
_bMaking of samplers
260 _aDevon :
_bE.G.Enterprises,
_c1993
300 _a144p
650 _aEmbroiderers' guild
942 _cBK
999 _c1277
_d1277